| 000 | 01172cam a22002531i 4500 | ||
|---|---|---|---|
| 003 | SA-RiAUC | ||
| 005 | 20241124131010.0 | ||
| 008 | 241123q19801989le g c 000r0 ara c | ||
| 040 |
_aSA-JeALM _bara _cSA-RiAUC _erda |
||
| 082 | 0 | 4 | _a016.23 |
| 090 |
_a016.23 _b ك ت ا |
||
| 100 | 1 |
_aالكتاني، محمد بن جعفر بن إدريس، _d1274-1345 هجري _eمؤلف. |
|
| 245 | 1 | 2 |
_aالرسالة المستطرفة لبيان مشهور كتب السنة المشرفة / _cتأليف محمد بن جعفر الكتاني ؛ كتب مقدماتها ووضع فهارسها محمد المنتصر بن محمد بن جعفر الكتاني. |
| 250 | _aالطبعة الرابعة منقحة. | ||
| 264 | 1 |
_aبيروت : _bدارالبشائر الإسلامية، _c1986 |
|
| 300 |
_a342 صفحة ؛ _c24 سم |
||
| 336 |
_aنص _btxt _2rdacontent _3كتاب |
||
| 337 |
_aبدون وسيط _bn _2rdamedia |
||
| 338 |
_aمجلد _bnc _2rdacarrier |
||
| 650 | 7 |
_aالحديث _vفهارس _2aucsh |
|
| 700 | 1 |
_aالكتاني، محمد المنتصر، _d1332-1419 هجري _eمقدم. |
|
| 942 |
_2ddc _cBOOK _n0 |
||
| 949 |
_aSA-JeALM _d241123 _umohamedma123 _n1 |
||
| 999 |
_c2711 _d2711 |
||